书目信息 |
| 题名: |
博物馆探索
|
|
| 作者: | 马萧林 主编 ;河南博物院 编 | |
| 分册: | 第三辑 | |
| 出版信息: | 郑州 大象出版社 2024.09 |
|
| 页数: | 154页 | |
| 开本: | 28cm | |
| 丛书名: | ||
| 单 册: | ||
| 中图分类: | G260 | |
| 科图分类: | ||
| 主题词: | 博物馆学--文集 | |
| 电子资源: | ||
| ISBN: | 978-7-5711-2478-6 | |
| 000 | 00946nam0 2200265 450 | |
| 001 | 013246147 | |
| 005 | 20251023093324.81 | |
| 010 | @a978-7-5711-2478-6@dCNY138.00 | |
| 100 | @a20241114d2024 em y0chiy0120 ea | |
| 101 | 0 | @achi |
| 102 | @aCN@b410000 | |
| 105 | @aa z 000yy | |
| 106 | @ar | |
| 200 | 1 | @a博物馆探索@9bo wu guan tan suo@h第三辑@f河南博物院编 |
| 210 | @a郑州@c大象出版社@d2024.09 | |
| 215 | @a154页@c图@d28cm | |
| 300 | @a河南博物院院刊 | |
| 304 | @a英文共同题名: Museum exploration | |
| 330 | @a本书集中反映河南博物院在文物收藏、文物展览、文物研究、博物馆学研究和文化遗产保护等方面的最新研究成果,主要栏目有“特约”“史学发微”“博物馆实践”“考古探索”“文化遗产研究”等栏目,刊发论文20余篇。 | |
| 606 | 0 | @a博物馆学@j文集 |
| 690 | @aG260@v5 | |
| 701 | 0 | @a马萧林@9ma xiao lin@4主编 |
| 712 | 02 | @a河南博物院@9he nan bo wu yuan@4编 |
| 801 | 0 | @aCN@c20250915 |
| 905 | @a河南城建学院图书馆@dG260@eM194:3@ZM194:3@f1 | |
| 博物馆探索.第三辑/河南博物院编.-郑州:大象出版社,2024.09 |
| 154页:图;28cm |
| 河南博物院院刊 |
| ISBN 978-7-5711-2478-6:CNY138.00 |
| 本书集中反映河南博物院在文物收藏、文物展览、文物研究、博物馆学研究和文化遗产保护等方面的最新研究成果,主要栏目有“特约”“史学发微”“博物馆实践”“考古探索”“文化遗产研究”等栏目,刊发论文20余篇。 |
| ● |
| 相关链接 |
|
|
|
正题名:博物馆探索
索取号:G260/M194:3
 
预约/预借
| 序号 | 登录号 | 条形码 | 馆藏地/架位号 | 状态 | 备注 |
| 1 | 1634810 | 216348101 | 社科库409/409社科库 60排2列2层/ [索取号:G260/M194:3] | 在馆 |